all smash ultimate characters that appear in a movie - Statistics

General Stats
  • This quiz has been taken 13 times
  • The average score is 8 of 17
Answers on the Grid
Answers color-coded by a green-red scale on the quiz's grid according to % correct below.
mario
pikachu
toon link
ganondorf
luigi
mr game and watch
diddy kong
roselina
wii fit trainer
link
zelda
star fox
pikmin
olimar
dr mario
wario
bowser jr
mewtwo
incineroar
kirby
donkey kong
jigglypuff
peach
daisy
yoshi
meta knight
falco
bowser
robb
steve
 
Answer Stats
Answer % Correct
mario
91%
pikachu
82%
luigi
73%
bowser jr
64%
diddy kong
55%
donkey kong
55%
mewtwo
55%
mr game and watch
55%
roselina
55%
star fox
55%
pikmin
45%
bowser
36%
peach
36%
jigglypuff
18%
robb
18%
steve
18%
yoshi
18%
No matching quizzes found
Score Distribution
Percent of People with Each Score
Percentile by Number Answered
Your Score History
You have not taken this quiz